Score 0/23 Timer 10:00
0 Plays Today
% Correct
Victoria
90.9%
Baffin
90.9%
Ellesmere
89.4%
Banks
75.8%
Southampton
74.2%
King William
72.7%
Devon
72.7%
Somerset
65.2%
Axel Heiberg
63.6%
Prince of Wales
62.1%
Bathurst
60.6%
Borden
60.6%
% Correct
Prince Patrick
59.1%
Melville
57.6%
Bylot
56.1%
Prince Charles
54.5%
Coats
54.5%
Mackenzie King
51.5%
Mansel
48.5%
Cornwallis
47%
Amund Rignes
43.9%
Stefansson
42.4%
Ellef Rignes
42.4%
Remove Ads.
Support Sporcle.
Get the best of Sporcle when you Go Orange. This ad-free experience offers more features, more stats, and more fun while also helping to support Sporcle. Thank you for becoming a member.

You're not logged in!

Compare scores with friends on all Sporcle quizzes.
OR
Log In

Show Comments

Extras

Top Quizzes Today


Score Distribution

Your Account Isn't Verified!

In order to create a playlist on Sporcle, you need to verify the email address you used during registration. Go to your Sporcle Settings to finish the process.

Report this User

Report this user for behavior that violates our Community Guidelines.

Details: